Biggest Cities in Connecticut in 1950 - Statistics

General Stats
  • This quiz has been taken 63 times
  • The average score is 12 of 20
Answer Stats
Population County Answer % Correct
177,397 Hartford Hartford
100%
164,448 New Haven New Haven
100%
158,709 Fairfield Bridgeport
98%
74,293 Fairfield Stamford
96%
104,477 New Haven Waterbury
87%
30,551 New London New London
82%
49,460 Fairfield Norwalk
80%
22,067 Fairfield Danbury
76%
73,726 Hartford New Britain
69%
35,961 Hartford Bristol
64%
44,088 New Haven Meriden
56%
23,429 New London Norwich
56%
27,820 Litchfield Torrington
56%
29,711 Middlesex Middletown
49%
18,706 New Haven Ansonia
38%
12,694 Fairfield Shelton
33%
11,994 New Haven Wallingford
29%
17,455 New Haven Naugatuck
24%
10,259 New Haven Derby
20%
13,586 Windham Willimantic
13%
No matching quizzes found
Score Distribution
Percent of People with Each Score
Percentile by Number Answered
Your Score History
You have not taken this quiz